000
00265nmm a2200097Ia 4500
008
220120s9999||||xx |||||||||||||||||und||
082
_a
00 5.133 DOS
100
_a
Doss, George, M
_9
2826
245
0
_a
Corba developer's guide with XML
260
_a
BPB publications
_c
2000
999
_c
139012
_d
139012